[Event "CRO-chT2 East"]
[Site "Croatia"]
[Date "2011.10.29"]
[Round "11"]
[White "Lijovic, Ivan"]
[Black "Strahija, Sasa"]
[Result "1/2-1/2"]
[WhiteElo "1925"]
[BlackElo "1809"]
[PlyCount "70"]
[EventDate "2011.04.02"]
[EventType "tourn"]
[EventRounds "11"]
[EventCountry "CRO"]
[SourceTitle "EXT 2014"]
[Source "ChessBase"]
[SourceDate "2013.11.20"]
[SourceVersion "1"]
[SourceVersionDate "2013.11.20"]
[SourceQuality "1"]

1. d4 d5 2. c4 c6 3. Nc3 Nf6 4. Nf3 e6 5. Bg5 h6 6. Bh4 dxc4 7. e4 g5 8. Bg3 b5 9. e5 Nd5 10. Be2 Bb4 11. Qc2 Qa5 12. Kd2 Nd7 13. a3 Be7 14. h4 g4 15. Nh2 h5 16. f3 Qb6 17. Qe4 Bb7 18. Nxd5 cxd5 19. Qe3 Qd8 20. Qf2 Qa5+ 21. Kc2 Qa4+ 22. Kb1 c3 23. Bd1 Qc4 24. b3 Qc7 25. fxg4 hxg4 26. Nxg4 0-0-0 27. Be2 c2+ 28. Kb2 b4 29. axb4 Bxb4 30. Qe3 Kb8 31. Be1 Bxe1 32. Raxe1 Rc8 33. Rc1 Qa5 34. Qd3 Qb6 35. Ne3 Ba6 1/2-1/2

[Event "CRO-chT2 East"]
[Site "Croatia"]
[Date "2011.10.29"]
[Round "10"]
[White "Saric, Sinisa"]
[Black "Lijovic, Ivan"]
[Result "1-0"]
[WhiteElo "2472"]
[BlackElo "1925"]
[PlyCount "69"]
[EventDate "2011.04.02"]
[EventType "tourn"]
[EventRounds "11"]
[EventCountry "CRO"]
[SourceTitle "EXT 2014"]
[Source "ChessBase"]
[SourceDate "2013.11.20"]
[SourceVersion "1"]
[SourceVersionDate "2013.11.20"]
[SourceQuality "1"]

1. d4 Nf6 2. c4 g6 3. Nc3 Bg7 4. e4 d6 5. Nf3 0-0 6. Be2 e5 7. Be3 exd4 8. Nxd4 Re8 9. f3 a6 10. Qd2 Bd7 11. 0-0 Nc6 12. Nc2 Be6 13. Bg5 Qc8 14. Rfe1 Ne5 15. Nd5 Ned7 16. Nd4 Rb8 17. Rac1 Ra8 18. Bf1 Qb8 19. Red1 Kh8 20. Kh1 Ng8 21. b4 f6 22. Bf4 Ne5 23. c5 Bxd5 24. exd5 dxc5 25. bxc5 Qd8 26. Ne6 Qd7 27. Qa5 Rac8 28. Bxe5 fxe5 29. c6 bxc6 30. Rxc6 Re7 31. Rxa6 c6 32. Nc5 Qd6 33. Ne4 Qd7 34. d6 Rf7 35. Nc5 1-0

[Event "CRO-chT2 East"]
[Site "Croatia"]
[Date "2011.04.03"]
[Round "3"]
[White "Lijovic, Ivan"]
[Black "Cubelic, Milan"]
[Result "1/2-1/2"]
[WhiteElo "1925"]
[BlackElo "2117"]
[PlyCount "153"]
[EventDate "2011.04.02"]
[EventType "tourn"]
[EventRounds "11"]
[EventCountry "CRO"]
[SourceTitle "EXT 2014"]
[Source "ChessBase"]
[SourceDate "2013.11.20"]
[SourceVersion "1"]
[SourceVersionDate "2013.11.20"]
[SourceQuality "1"]

1. d4 d5 2. c4 e6 3. Nc3 c6 4. Nf3 f5 5. Bg5 Nf6 6. e3 Bb4 7. Bd3 Bxc3+ 8. bxc3 0-0 9. 0-0 Qa5 10. Qc2 Nbd7 11. Bf4 Ne4 12. Rfc1 a6 13. c5 Qd8 14. Rab1 h6 15. Be5 Ng5 16. Bd6 Nxf3+ 17. gxf3 Rf7 18. Kh1 Qf6 19. c4 f4 20. Bg6 fxe3 21. Bxf7+ Qxf7 22. Qe2 exf2 23. Qxf2 dxc4 24. Rg1 Nf6 25. Be5 Ne8 26. Rg3 b5 27. Bxg7 Nxg7 28. Rbg1 Ra7 29. Rxg7+ Qxg7 30. Rxg7+ Rxg7 31. Qh4 Bd7 32. Qxh6 a5 33. Qf6 a4 34. h3 Rf7 35. Qg5+ Kh7 36. Qh5+ Kg7 37. Kg2 Be8 38. Qe5+ Rf6 39. Kg3 Kf7 40. h4 Rf5 41. Qc7+ Kf8 42. Qd6+ Kf7 43. Kg4 Rd5 44. Qf4+ Ke7 45. Kg3 Kd8 46. Qf6+ Kd7 47. Kf2 Rf5 48. Qg7+ Kd8 49. Ke3 Bf7 50. Qf8+ Be8 51. Qd6+ Bd7 52. Qg3 Be8 53. Kd2 Rd5 54. Kc3 Ke7 55. Qf4 Kd7 56. Qg4 Rf5 57. Qg3 Rd5 58. Qg7+ Kd8 59. Qf6+ Kd7 60. Kb4 Rf5 61. Qg7+ Kd8 62. Qg3 Rd5 63. Qf4 Ke7 64. Ka5 Rf5 65. Qe4 Kf6 66. Qe3 Ke7 67. Kb6 Rd5 68. Qe4 Kf6 69. Qf4+ Ke7 70. Qh6 b4 71. Qh7+ Bf7 72. Qc2 b3 73. axb3 cxb3 74. Qc3 Rd8 75. Kb7 e5 76. Qe3 a3 77. Qxe5+ 1/2-1/2

[Event "CRO-chT3 East-A"]
[Site "Croatia"]
[Date "2005.03.20"]
[Round "2.6"]
[White "Lijovic, Ivan"]
[Black "Miletic, Zlatko"]
[Result "1-0"]
[WhiteElo "1959"]
[BlackElo "1902"]
[PlyCount "129"]
[EventDate "2005.03.13"]
[EventType "team-tourn"]
[EventRounds "11"]
[EventCountry "CRO"]
[SourceTitle "EXT 2007"]
[Source "ChessBase"]
[SourceDate "2006.11.23"]
[SourceVersion "1"]
[SourceVersionDate "2006.11.23"]
[SourceQuality "1"]
[WhiteTeam "Spisice Bukovica"]
[BlackTeam "Velimirovac"]
[WhiteTeamCountry "CRO"]
[BlackTeamCountry "CRO"]

1. d4 f5 2. c4 Nf6 3. g3 e6 4. Nf3 c6 5. Bg2 Bb4+ 6. Nc3 0-0 7. 0-0 d5 8. Qb3 Bxc3 9. Qxc3 Ne4 10. Qc2 Bd7 11. Ne5 Be8 12. b3 Nd7 13. Nd3 Rc8 14. Nf4 Bf7 15. c5 b6 16. b4 a5 17. a3 h6 18. f3 Nef6 19. Bd2 axb4 20. axb4 e5 21. dxe5 Nxe5 22. Qxf5 Nc4 23. Qc2 bxc5 24. bxc5 Qe7 25. Nd3 Qxe2 26. Rf2 Qe7 27. Re1 Qa7 28. f4 Rfe8 29. Rc1 Ng4 30. Bc3 Nxf2 31. Qxf2 Bg6 32. f5 Rf8 33. g4 Rce8 34. Nf4 Bh7 35. Nxd5 Ne5 36. Bxe5 Rxe5 37. Nb4 Qa3 38. Qf4 Rfe8 39. Qc4+ Kh8 40. Nd3 Bg8 41. Qc3 Qxc3 42. Rxc3 Rd5 43. Bxd5 Bxd5 44. Nf4 Rd8 45. Kf2 Kg8 46. Rd3 Kf7 47. h4 Kf6 48. Re3 Rd7 49. Kg3 Kf7 50. g5 hxg5 51. hxg5 Ra7 52. Nxd5 cxd5 53. Rd3 Rd7 54. Kf4 g6 55. f6 Ke6 56. Re3+ Kf7 57. Re7+ Rxe7 58. fxe7 Kxe7 59. Ke5 d4 60. Kxd4 Ke6 61. Ke4 Kd7 62. Ke5 Kc6 63. Kf6 Kxc5 64. Kxg6 Kd6 65. Kf7 1-0